Clic Ce sont des départements mais aussi... (2) - Statistiques

Statistiques générales
  • Ce quiz a été pris 24 fois
  • Le résultat moyen est 25 sur 50
Statistiques - réponses
Hint Explanation Réponse % Correct
Le Cantal est un affluent de l'Aude FAUX
86%
Eure est le nom de l'Euro en russe FAUX
77%
Indre est un astéroïde FAUX
77%
L'Isère est un gastéropode FAUX
73%
L'Eure est un quartier de Bayeux du Havre FAUX
73%
Finistère est une station de métro parisienne FAUX
68%
La Creuse est un lac réputé maléfique du Cantal FAUX
68%
Finistère est une compagnie aérienne Finist'air FAUX
68%
La Charente est une confiserie FAUX
68%
Indre est un type d'avion militaire français FAUX
64%
Gironde est un vin Même si on en produit beaucoup dans ce département FAUX
64%
Cher est le patronyme de Valérie Kaprisky Chérès et non Cher FAUX
64%
L'Ardèche est un affluent du Rhône VRAI
64%
Le Cher est un affluent de la Loire VRAI
64%
Drôme est une commune de l'Ain Drom FAUX
59%
L'Aisne est une des premières locomotives française FAUX
59%
Ardennes sont une ancienne abbaye Ardenne sans S FAUX
59%
L'Ardèche est un fromage Mais il y a un vin de ce nom FAUX
59%
L'Allier est un ami Allié plutôt FAUX
59%
Le Calvados est un fromage IGP Il existe bien une IGP mais viticole FAUX
59%
Gers est un valet chez Alexandre Dumas FAUX
59%
La Drôme est un affluent de l'Elle FAUX
59%
Le Calvados est un affluent de la Seine FAUX
55%
Ariège est un général français du 1er Empire FAUX
55%
L'Ariège est un sommet des Pyrénées FAUX
55%
L'Eure est une prière en usage au Moyen-âge Les livres d'heures sont des ouvrages de prière médiévaux FAUX
55%
L'Ardèche est un mont du Massif central FAUX
55%
L'Aube est une pièce de bateau VRAI
55%
Drôme est un modèle de bombardier français FAUX
50%
Isère est un institut de recherches français Iseres FAUX
45%
Corrèze est une commune de Corrèze VRAI
41%
Aube est un amiral français Prénommé Théophile VRAI
41%
L'Aube est un poème médiéval VRAI
41%
L'Hérault est un fleuve côtier Qui a donné son nom au département VRAI
41%
Finistère est un album du groupe Dan Ar Braz Finisterres FAUX
36%
L'aisne est une partie du corps L'aine s'écrit sans s FAUX
36%
Le Gers est un vin IGP VRAI
36%
L'Indre est un affluent de l'Aisne VRAI
36%
Cher est un album de musique de la chanteuse Cher VRAI
36%
La Gironde est un château de l'Aveyron VRAI
36%
Creuse est une commune de la Somme VRAI
36%
La Creuse est une commune de Saône-et-Loire De Haute-Saône FAUX
32%
La Charente est un navire de la Marine nationale FAUX
32%
L'Isère est la navire qui a transporté la statue de la Liberté à New York en 210 caisses en 1885 VRAI
32%
L'Ain est une rivière de la Marne Qui se jette dans la Suippe VRAI
32%
Hérault est un romancier français Prénommé Paul-Jean VRAI
27%
Calvados est un système informatique VRAI
23%
Eure est un homme politique anglais Sampson de son prénom VRAI
23%
La drome est l'ensemble des embarcation d'un navire VRAI
18%
Gers est un guitariste Janick ; du groupe Iron Maiden VRAI
14%
Aucun quiz correspondant
Distribution des résultats
% des personnes avec chaque résultat
Percentile par nombre de réponses
Votre historique - résultats
Vous n’avez pas pris ce quiz